| 000 | 00750nam a22002057a 4500 | ||
|---|---|---|---|
| 005 | 20250613153818.0 | ||
| 010 | _aENG-145351 | ||
| 020 |
_a9788181984456 _c695.00 |
||
| 035 | _aEN-128883 | ||
| 037 | _bDBAD | ||
| 082 | _a025.2 | ||
| 245 |
_aProfessional in Library and Information Services for User Employment: _bOpportunities and Challenges (Profuse 2017)/ _cEdited by Khaisar Muneebulla Khan...[et.al] |
||
| 250 | _a1 | ||
| 260 |
_aMangalagangothri _bDepartment of Library and Information Science _c2017 |
||
| 270 |
_aMangalore University _bMangalagangothri _e574199 |
||
| 300 |
_a698p. _c26cm(pb) |
||
| 700 |
_aSinha , Manoj Kumar _eeditor _982017 |
||
| 700 |
_aKharb, Deepa _eeditor _982018 |
||
| 942 |
_2ddc _cEN _mPRO _h025.2 |
||
| 999 |
_c211797 _d211797 |
||